| 000 | 00617cam a2200217 a 4500 | ||
|---|---|---|---|
| 003 | PILC | ||
| 005 | 20150904084431.0 | ||
| 008 | 021011s2002 nyu 000 1 eng d | ||
| 010 | _a2002513243 | ||
| 020 | _a0380789957 | ||
| 050 | 0 | 0 |
_aPS 3562.O8847 _b.Ed34 2002 |
| 100 | 1 |
_aLowell, Elizabeth, _d1944- |
|
| 245 | 1 | 0 |
_aEden burning / _cElizabeth Lowell. |
| 260 |
_aNew York : _bAvon Books, _c2002. |
||
| 300 |
_a372 pages ; _c18 cm. |
||
| 500 | _a"A classic love story"--Cover. | ||
| 650 | 0 |
_aVolcanologists _vFiction. |
|
| 650 | 0 |
_aWomen dancers _vFiction. |
|
| 651 | 0 |
_aHawaii _vFiction. |
|
| 942 |
_2lcc _cBK _kFOR |
||
| 999 |
_c288606 _d288606 |
||